000 01122nam0a22002531 4500
001 rc\3482049
005 20130115140546.1
035 _a(NLR Aleph) 007602381
090 _a5728391
_c5728391
100 _a20130115d1972 |||y0rusy50 ca
101 0 _arus
102 _aRU
105 _ay z |||||
200 1 _aУправление качеством изделий и его планирование в швейной промышленности
_fМ-во легкой пром-сти СССР. Центр. науч.-исслед. ин-т информации и техн.-экон. исследований легкой пром-сти
210 _aМосква
_cБ. и.
_d1972
215 _a[1], 49 с., включ. обл.
_d21
300 _aНа обороте тит. л. авт.: канд. экон. наук В.М. Никитин
333 _aДля служебного пользования. Экз. № 000004
700 1 _aНикитин
_bВ. М.
_gВасилий Матвеевич
801 0 _aRU
_bNLR
_gpsbo
801 1 _aRU
_bELAR
_2rusmarc
852 _aNLR
_j72-50к/4663
942 _cBOOK
980 _aNB